Detalles MARC
| 000 -CABECERA |
| campo de control de longitud fija |
02140nam a2200325 i 4500 |
| 001 - NÚMERO DE CONTROL |
| campo de control |
000020690 |
| 003 - IDENTIFICADOR DEL NÚMERO DE CONTROL |
| campo de control |
DO-SdBNP |
| 005 - FECHA Y HORA DE LA ÚLTIMA TRANSACCIÓN |
| campo de control |
20241126101235.0 |
| 007 - CAMPO FIJO DE DESCRIPCIÓN FÍSICA--INFORMACIÓN GENERAL |
| campo de control de longitud fija |
ta |
| 008 - DATOS DE LONGITUD FIJA--INFORMACIÓN GENERAL |
| campo de control de longitud fija |
100812s2016 000 0 spa d |
| 020 ## - NÚMERO INTERNACIONAL ESTÁNDAR DEL LIBRO |
| Número Internacional Estándar del Libro |
9789945586831 |
| 040 ## - FUENTE DE LA CATALOGACIÓN |
| Centro catalogador/agencia de origen |
DO-SdBNP |
| Lengua de catalogación |
spa |
| Centro/agencia transcriptor |
BNPHU |
| Normas de descripción |
rda |
| 082 ## - NÚMERO DE LA CLASIFICACIÓN DECIMAL DEWEY |
| Número de clasificación |
xxx |
| Número de documento/Ítem |
H557v |
| Número de edición |
22 |
| 100 1# - ENTRADA PRINCIPAL--NOMBRE DE PERSONA |
| Nombre de persona |
Hernández Figueroa, Alfredo Rafael |
| Término indicativo de función/relación |
autor |
| 9 (RLIN) |
6902 |
| 245 13 - MENCIÓN DE TÍTULO |
| Título |
La vega en la historia dominicana / |
| Mención de responsabilidad, etc. |
Alfredo Rafael Hernández Figueroa |
| 264 ## - PRODUCCIÓN, PUBLICACIÓN, DISTRIBUCIÓN, FABRICACIÓN Y COPYRIGHT |
| Producción, publicación, distribución, fabricación y copyright |
Santo Domingo : |
| Nombre del de productor, editor, distribuidor, fabricante |
Archivo General de la Nación, |
| Fecha de producción, publicación, distribución, fabricación o copyright |
2016. |
| 300 ## - DESCRIPCIÓN FÍSICA |
| Extensión |
2 v.olumen: |
| Otras características físicas |
ilustraciones retratos. ; |
| Dimensiones |
23 cm. |
| 336 ## - TIPO DE CONTENIDO |
| Término de tipo de contenido |
rdacontent |
| Código de tipo de contenido |
texto |
| Fuente |
txt |
| 337 ## - TIPO DE MEDIO |
| Nombre/término del tipo de medio |
rdamedia |
| Código del tipo de medio |
sin mediación |
| Fuente |
n |
| 338 ## - TIPO DE SOPORTE |
| Nombre/término del tipo de soporte |
rdacarrier |
| Código del tipo de soporte |
volumen |
| Fuente |
nc |
| 490 ## - MENCIÓN DE SERIE |
| Mención de serie |
Archivo General de la Nación ; |
| Designación de volumen o secuencia |
276 |
| 500 ## - NOTA GENERAL |
| Nota general |
Incluye referencias bibliográficas y notas al pie de las páginas. |
| 500 ## - NOTA GENERAL |
| Nota general |
Incluye datos biográficos del autor en las solapas. |
| 505 ## - NOTA DE CONTENIDO CON FORMATO |
| Nota de contenido con formato |
Presentación -- |
| Título |
Introducción -- |
| Información miscelánea |
VOLUMEN I : |
| Título |
La sociedad vegana contemporánea -- |
| -- |
Orígenes de la ciudad y provincia de La Vega. |
| -- |
Generalidades -- |
| -- |
Periodo republicano, Primera República, anexión y restauración, 1843-1865 -- |
| -- |
Segunda república, 1865-1916, sucesos desde la presidencia de Cabral hasta 1874 -- |
| -- |
Segunda república, desde 1874 hasta el gobierno de Luperón, 1880 -- |
| -- |
Desde el gobierno de Luperón, 1880 hasta la revolución de Moya, 1886 -- |
| -- |
Segunda república, desde la Revolución de Moya, hasta la caída de Heureaux, 1899. |
| Información miscelánea |
VOLUMEN II : |
| Título |
Desde la caía de Heureaux hasta la pérdida de la soberanía, 1916 -- |
| -- |
Perdida de la soberanía: desde la Ocupación Militar Norteamericana, 1916, hasta el gobierno de Horacio Vásquez, 1924 -- |
| -- |
Tercera república: desde la gestión de Horacio Vásquez 1924, hasta la de Jacinto B. Peynado, 1938 -- |
| -- |
Tercera República: desde la presidencia de Jacinto B. Peynado 1938, hasta la muerte de Trujillo 1961 |
| -- |
Desde la muerte de Trujillo hasta 1989 -- |
| -- |
Apéndice 1990-2013 -- |
| 590 ## - NOTA LOCAL (RLIN) |
| Nota local |
Inventariado, 2020 /LP |
| 700 ## - PUNTO DE ACCESO ADICIONAL--NOMBRE DE PERSONA |
| Nombre de persona |
González, Raymundo |
| Término indicativo de función/relación |
presentación |
| 9 (RLIN) |
6373 |
| 910 ## - DATOS DE OPCIÓN DEL USUARIO (OCLC) |
| Datos de opción del usuario |
LP |
| 942 ## - ELEMENTOS DE PUNTO DE ACCESO ADICIONAL (KOHA) |
| Fuente del sistema de clasificación o colocación |
Dewey Decimal Classification |
| Tipo de ítem Koha |
Libros y folletos |
| 956 ## - LOCALIZACIÓN Y ACCESO ELECTRÓNICOS LOCAL (OCLC) |
| Nombre del host |
LOPEREZ |